000 00594nam a22002057a 4500
003 OSt
005 20210423061219.0
008 210221s1963 ||||| |||| 00| 0 eng d
040 _aeng
_beng
_cDLC
041 _aeng
_hfre
080 _a821.111
_bS-61
100 _9518
_aSimenon, Georges
245 _aMaigret's Revolver
_c/ by: Penguin Books
260 _aMitchann, Victoria
_bPenguin Books
_c1963
300 _a141 p.
650 0 _9254
_aEnglish literature
653 _aინგლისური ლიტერატურა
700 _91031
_aRyan, Nigel
_eTranslator
942 _2udc
_cBK
999 _c1610
_d1610